| 000 | 00779nam a2200253 a 4500 | ||
|---|---|---|---|
| 001 | 41277 | ||
| 003 | BD-RjUL | ||
| 005 | 20211209053346.0 | ||
| 008 | 160528s1959 ii 001 0 eng d | ||
| 035 | _a(BD-RjUL) 41394 | ||
| 040 |
_aCIN _cCIN _dEQO _d(BD-RjUL) _beng |
||
| 041 | _aeng | ||
| 082 |
_223 _a309.154 _bDES 1959 |
||
| 100 | 1 |
_aDesai, Akshayakumar Ramanlal _9126977 |
|
| 245 | 1 | 0 |
_aSocial background of Indian nationalism / _cA.R. Desai |
| 250 | _a3rd ed. | ||
| 260 |
_aBombay : _bPopular Book Depot, _c1959 |
||
| 300 |
_axx, 427 p. ; _c23 cm. |
||
| 500 | _aBibliography: p. [409]-417. - Includes index. | ||
| 650 | 0 |
_aNationalism _zIndia. _9126978 |
|
| 651 | 0 |
_aIndia _xSocial conditions. _9119004 |
|
| 651 | 0 |
_aIndia _xEconomic conditions. _9126979 |
|
| 942 |
_2ddc _cBK |
||
| 999 |
_c41277 _d41277 |
||